000 00568nam a2200205Ia 4500
005 20260429112031.0
008 260429s9999||||xx |||||||||||||| ||und||
020 _a9781032502496
041 _aEnglish
082 _a302.23
_bIRW
100 _aIrwin, Stacey O.
245 0 _aSurvey of media :
_bscreens, sounds, and synergies /
_cStacey O. Irwin
250 _a1st ed.
260 _aUnited Kingdom :
_bRoutledge,
_c2025.
300 _axii, 212 p.; pbk
650 _a Communication media
650 _a Mass media
650 _aSocial interaction
942 _cTB
999 _c51998
_d51998